000 00548nam a2200181 a 4500
001 BRCA_2280
005 20190320203737.0
008 931007s1991 mx-a---##b---#000-0#spa-d
020 _a9686191275
050 4 _aTR681
_b.S67 1991
100 1 _aSprings, Alice
_96831
245 1 0 _aRetratos
_cAlice Springs ; traducción de Carmen Corona.
260 _aMéxico
_bCentro Cultural de Arte Contemporáneo
_c1991
300 _a157 p.
_bil.
_c29 cm.
650 1 4 _aRetrato fotografía
_vExposiciones
_96832
700 1 _aCorona, Carmen
_96833
942 _2lcc
_cB
999 _c2026
_d2026